000 00458nam a2200169 i 4500
001 91020
003 ES-MaACL
005 20231213062941.0
007 t|
008 050126s1969 sp |||| | spa d
100 1 _aLera, Ángel María de,
_d1912-1984
_971742
245 1 4 _aLos fanáticos /
_cAngel Mª de Lera.
260 _aBarcelona :
_bLinosa,
_c1969.
300 _a246 p. ;
_c19 cm.
852 _aES-MaACL
_jC-35816
999 _c91020
_d91020